| 000 | 00888nam a22002417a 4500 | ||
|---|---|---|---|
| 999 |
_c2771 _d2771 |
||
| 003 | AR-CdUCM | ||
| 008 | 190305b ||||| |||| 00| 0 spa d | ||
| 020 | _a84-335-3022-4 | ||
| 040 |
_aMUNICIPALIDAD PROVINCIAL DEL CUSCO _cBIBLIOTECA MUNICIPAL DEL CUSCO |
||
| 041 | _heng. | ||
| 082 |
_a300 / _bA57 |
||
| 100 |
_aStanislav, Andreski _99662 |
||
| 245 | _aElementos de la sociología comparada / | ||
| 260 |
_aBarcelona : _bEdit, Labor, _c1973. |
||
| 300 |
_a350 paginas ; _c21 cm. |
||
| 505 | _aContenido :Descripción y teoría --Principio de la incertidumbre,profesia de autocumplimiento y otras dificultades de la investigación sociológica --Determinismo, teología e explicación ... | ||
| 650 |
_aSociologia _9276 |
||
| 650 |
_aVida social _93571 |
||
| 650 |
_aMetodología _92264 |
||
| 700 |
_aFrancisco Payarols (traductor) _99663 |
||
| 942 |
_2ddc _cLIBROS |
||
| 945 | _arjall | ||